| 000 | 01555nam a2200385Ia 4500 | ||
|---|---|---|---|
| 001 | ebr10512355 | ||
| 003 | CaPaEBR | ||
| 006 | m u | ||
| 007 | cr cn||||||||| | ||
| 008 | 110512s2011 ctu sb 001 0 eng d | ||
| 010 | _z 2011017965 | ||
| 020 | _z9780300152180 | ||
| 020 | _z9780300178494 | ||
| 020 | _z0300152183 | ||
| 040 |
_aCaPaEBR _cCaPaEBR |
||
| 035 | _a(OCoLC)768119659 | ||
| 050 | 1 | 4 |
_aPR2808 _b.W58 2011eb |
| 082 | 0 | 4 |
_a822.3/3 _222 |
| 100 | 1 |
_aWills, Garry, _d1934- |
|
| 245 | 1 | 0 |
_aRome and rhetoric _h[electronic resource] : _bShakespeare's Julius Caesar / _cGarry Wills. |
| 260 |
_aNew Haven, CT : _bYale University Press, _cc2011. |
||
| 300 | _a186 p. | ||
| 490 | 1 | _aThe Anthony Hecht lectures in the humanities | |
| 500 | _a"... first ... given by Garry Wills at Bard College in 2009. The lectures have been revised for publication." | ||
| 504 | _aIncludes bibliographical references and index. | ||
| 533 |
_aElectronic reproduction. _bPalo Alto, Calif. : _cebrary, _d2011. _nAvailable via World Wide Web. _nAccess may be limited to ebrary affiliated libraries. |
||
| 600 | 1 | 0 |
_aShakespeare, William, _d1564-1616. _tJulius Caesar. |
| 600 | 1 | 0 |
_aCaesar, Julius _xIn literature. |
| 650 | 0 | _aRhetoric, Renaissance. | |
| 651 | 0 |
_aRome _xIn literature. |
|
| 655 | 7 |
_aElectronic books. _2local |
|
| 710 | 2 | _aebrary, Inc. | |
| 830 | 0 | _aAnthony Hecht lectures in the humanities. | |
| 856 | 4 | 0 |
_uhttp://site.ebrary.com/lib/rucke/Doc?id=10512355 _zAn electronic book accessible through the World Wide Web; click to view |
| 999 |
_c223153 _d223153 |
||